Inventarizačné rozdiely, prirodzené úbytky a škody v účtovníctve rozpočtových organizácií, príspevkových organizácií a obcí

V zmysle zákona č. 431/2002 Z. z. o účtovníctve, inventarizačnými rozdielmi sú manko a prebytok. Pri peňažných prostriedkoch a ceninách sú inventarizačné rozdiely označené ako schodok a prebytok.

Salvato in:
Dettagli Bibliografici
Autore principale: Šabíková, Ingrid
Altri autori: Čiernik, Anton
Natura: Capitolo di libro
Lingua:slovacco
Soggetti:
Tags: Aggiungi Tag
Nessun Tag, puoi essere il primo ad aggiungerne!!

MARC

LEADER 00000nla$a2200000$$$4500
001 0144270
005 20240502072603.1
041 0 |a slo 
044 |a SK 
245 1 0 |a Inventarizačné rozdiely, prirodzené úbytky a škody v účtovníctve rozpočtových organizácií, príspevkových organizácií a obcí  |c Ingrid Šabíková, Anton Čiernik 
520 |a V zmysle zákona č. 431/2002 Z. z. o účtovníctve, inventarizačnými rozdielmi sú manko a prebytok. Pri peňažných prostriedkoch a ceninách sú inventarizačné rozdiely označené ako schodok a prebytok. 
610 2 0 |a účtovníctvo 
610 2 0 |a organizácie rozpočtové 
610 2 0 |a organizácie príspevkové 
610 2 0 |a obce 
610 2 0 |a inventarizácia 
610 2 0 |a rozdiely inventarizačné 
610 2 0 |a škody 
100 1 |a Šabíková, Ingrid 
700 1 |a Čiernik, Anton